00435nam a2200133 a 450000100100000000500170001000800410002704000250006808200150009324500430010826000410015130000200019250000890021200004598620201002052549.0150605s2004 dr 000 0 spa d aDO-SdBNPbspacBNPHU axxxxbxxxx00aNovena to :bSaint Ignatius of Loyola. a[s.l.] :bSociety of Jesus,c[s.f.]. a12 p. ;c22 cm. aFounder of the society of Jesus patron of the spiritual exercises. Feast day july 31